Generación del 27 - Statistics

General Stats
  • This quiz has been taken 15 times
  • The average score is 14 of 18
Answer Stats
Hint % Correct
Vicente Alexandre 2
100%
Pedro Salinas 3
100%
Pedro Salinas 2
100%
Pedro Salinas 1
100%
Ernestina 3
80%
Ernestina 2
80%
Rafael Alberdi 2
80%
Vicente Alexandre 1
80%
Vicente Alexandre 3
80%
Luis Cernuda 2
80%
Luis Cernuda 3
80%
Rafael Alberdi 1
80%
Carmen Conde 3
60%
Carmen Conde 2
60%
Rafael Alberdi 3
60%
Ernestina 1
60%
Carmen Conde 1
60%
Luis Cernuda 1
60%
No matching quizzes found
Score Distribution
Percent of People with Each Score
Percentile by Number Answered
Your Score History
You have not taken this quiz